Applied Microbiology & Infection Control Including Safety for BSc Nursing Students (Record no. 166971)

MARC details
000 -LEADER
fixed length control field 00504nam a22001697a 4500
005 - DATE AND TIME OF LATEST TRANSACTION
control field 20230706122615.0
008 - FIXED-LENGTH DATA ELEMENTS--GENERAL INFORMATION
fixed length control field 230703b |||||||| |||| 00| 0 eng d
020 ## - INTERNATIONAL STANDARD BOOK NUMBER
International Standard Book Number 978-93-92242-27-4
041 ## - LANGUAGE CODE
Language code of text/sound track or separate title English
100 ## - MAIN ENTRY--PERSONAL NAME
Author Gupta Pooja
245 ## - TITLE STATEMENT
Title Applied Microbiology & Infection Control Including Safety for BSc Nursing Students
Remainder of title Semester-III
260 ## - PUBLICATION, DISTRIBUTION, ETC.
Name of publisher, distributor, etc. Vision Health Sciences Publishers
Place of publication, distribution, etc. Punjab
Date of publication, distribution, etc. 2023
300 ## - PHYSICAL DESCRIPTION
Extent 552p
365 ## - TRADE PRICE
Price amount 725.00
942 ## - ADDED ENTRY ELEMENTS (KOHA)
Koha item type Donated Book
Holdings
Withdrawn status Lost status Source of classification or shelving scheme Damaged status Not for loan Home library Current library Date acquired Net Price Bill number Total Checkouts Total Renewals Full call number Barcode Date last seen Date last checked out Bill Date Koha item type Original Barcode
    Dewey Decimal Classification     Smt. Bakul Tambat Institute of Nursing Education Smt. Bakul Tambat Institute of Nursing Education 03/07/2023 725.00 64 26 39 M 616.01 GUP DB1111 BTIN-DB-1111 12/01/2026 21/11/2025 26/06/2023 Donated Book DB1111